Normale Ansicht MARC-Ansicht ISBD

Chile, Gesang und Bericht / (Titelsatznr. 373316)

[ MARC ]
MARC-Details
000 -Satzkennung
Kontrollfeld mit fester Länge 01664cam a2200421 4500
001 - Kontrollnummer
Kontrollfeld 1133327834
003 - Kontrollnummer Identifier
Kontrollfeld DE-627
005 - Datum und Zeit der letzten Transaktion
Kontrollfeld 20240904113725.0
007 - Feld mit fester Länge zur physischen Beschreibung - Allgemeine Information
Kontrollfeld mit fester Länge tu
008 - Feld mit fester Länge zur physischen Beschreibung - Allgemeine Angaben
Kontrollfeld mit fester Länge 980107s1975 xx ||||| 00| ||ger c
035 ## - Systemkontrollnummer
System-Kontrollnummer (DE-627)1133327834
035 ## - Systemkontrollnummer
System-Kontrollnummer (DE-576)06332783X
035 ## - Systemkontrollnummer
System-Kontrollnummer (DE-599)BSZ06332783X
035 ## - Systemkontrollnummer
System-Kontrollnummer (OCoLC)256226026
035 ## - Systemkontrollnummer
System-Kontrollnummer (OCoLC)256226026
040 ## - Katalogisierungsquelle
Original-Katalogisierungsstelle DE-627
Katalogisierungssprache ger
Übertragungsstelle DE-627
Beschreibungsfestlegungen rakwb
Bearbeitungsstelle DE-2950
041 ## - Sprachcode
Sprachcode des Textes/der Tonspur oder des separaten Titels ger
044 ## - Ländercode der veröffentlichenden/herstellenden Stelle
ISO-Ländercode XA-DDDE
084 ## - Andere Notation
Notation LO 98300
Quelle der Nummer rvk
IDN des Normdatensatzes oder Standardnummer (DE-625)rvk/105831:
245 10 - Titel
Titel Chile, Gesang und Bericht /
Verfasserangabe etc. Hrsg.: Thomas Billhardt, Volker Braun, Werner Bräunig, Paul Dessau ...
264 #1 - Produktion, Veröffentlichung, Distribution, Herstellung und Urheberrechtsvermerk
Herstellungs-, Veröffentlichungs- Vertriebs-, Erzeugungsort Halle (Saale):
Produzent, Herausgeber, Distributor, Hersteller Mitteldt. Verl.,
Datum der Herstellung, der Veröffentlichung, des Vertriebs oder des Urheberschutzvermerks 1975.
300 ## - Physische Beschreibung
Umfang 282 S.:
Andere physische Details Ill.
336 ## - Inhaltstyp
Inhaltstypterm Text
Inhaltstypcode txt
Quelle rdacontent
337 ## - Medientyp
Bezeichnung des Medientyps ohne Hilfsmittel zu benutzen
Medientypcode n
Quelle rdamedia
338 ## - Datenträgertyp
Datenträgertypbezeichnung Band
Datenträgertypcode nc
Quelle rdacarrier
583 1# - Fußnote zum Bearbeitungsvermerk
Bearbeitung Archivierung/Langzeitarchivierung gewährleistet
Autorisierende Stelle SLG
OPAC-Notiz BfZ
Quelle der Ansetzung oder des Terms pdager
Das Unterfeld gibt die Institution an, auf die sich das Feld bezieht DE-24
583 1# - Fußnote zum Bearbeitungsvermerk
Zeit/Datum der Bearbeitung 20240324
Autorisierende Stelle DE-4165
OPAC-Notiz 1
Quelle der Ansetzung oder des Terms pdager
583 1# - Fußnote zum Bearbeitungsvermerk
Bearbeitung Archivierung/Langzeitarchivierung gewährleistet
Zeit/Datum der Bearbeitung 20240722
Autorisierende Stelle NI-LastCopies
Quelle der Ansetzung oder des Terms pdager
Das Unterfeld gibt die Institution an, auf die sich das Feld bezieht DE-89
653 ## - Indexierungsterm - Nicht normiert
Nicht-normierter Term Chile
653 ## - Indexierungsterm - Nicht normiert
Nicht-normierter Term Bildband
951 ## - EQUIVALENCE OR CROSS-REFERENCE--GEOGRAPHIC NAME/AREA NAME [OBSOLETE] [CAN/MARC only]
Geografischer Name BO
700 1# - Nebeneintragung - Personenname
Personenname Billhardt, Thomas
Datumsangaben in Verbindung mit einem Namen 1937-
Funktionsbezeichnung Hrsg.
IDN des Normdatensatzes oder Standardnummer (DE-588)120890313
-- (DE-627)080950493
-- (DE-576)166401897
Code für Beziehungskennzeichnung edt
700 1# - Nebeneintragung - Personenname
Personenname Braun, Volker
Datumsangaben in Verbindung mit einem Namen 1939-
Funktionsbezeichnung Hrsg.
IDN des Normdatensatzes oder Standardnummer (DE-588)118514644
-- (DE-627)079317448
-- (DE-576)160411211
Code für Beziehungskennzeichnung edt
700 1# - Nebeneintragung - Personenname
Personenname Heisig, Bernhard
Datumsangaben in Verbindung mit einem Namen 1925-2011
Funktionsbezeichnung Hrsg.
IDN des Normdatensatzes oder Standardnummer (DE-588)118548689
-- (DE-627)079346693
-- (DE-576)161364209
Code für Beziehungskennzeichnung edt
700 1# - Nebeneintragung - Personenname
Personenname Kunert, Günter
Datumsangaben in Verbindung mit einem Namen 1929-2019
Funktionsbezeichnung Hrsg.
IDN des Normdatensatzes oder Standardnummer (DE-588)118568051
-- (DE-627)079364349
-- (DE-576)209002840
Code für Beziehungskennzeichnung edt
936 rv - OCLC/CONSER MISCELLANEOUS DATA (OCLC); PIECE USED FOR CATALOGING (pre-AACR2) (RLIN)
OCLC control number(s) of parallel record(s) (OCLC); Piece used for cataloging, PUC (RLIN) LO 98300
942 ## - Zusätzliche Felder (Koha)
Klassifikation oder Aufstellungssystematik Andere/Generische Klassifikation
Koha-Medientyp Bücher
Exemplare
Ausgeschieden Verloren Klassifikation oder Aufstellungssystematik Beschädigt Nicht entleihbar Heimatbibliothek Aufenthaltsbibliothek Aufstellungsort Erwerbungsdatum Lieferant Anzahl Ausleihen Signatur Letzte Aktivität Exemplarnummer Preis gültig von Koha-Medientyp
    Andere/Generische Klassifikation     Stadtarchiv Frankfurt (Oder) | Archivbibliothek Stadtarchiv Frankfurt (Oder) | Archivbibliothek Magazin 04/09/2024 Übernahme Kipsch   III: 1932 04/09/2024 62/2023 04/09/2024 Bücher